000 00536nam a2200205Ia 4500
003 OSt
005 20230606110224.0
008 210423s1984 xx 000 0 und d
040 _cAL
041 _aeng
082 _a340
_223
_bGOVA
245 _aAnnual volume of mysore acts and ordinance
260 _aKarnataka
_bGovernment Of Karnataka
_c1984
300 _aiv,181
365 _cINR
650 _aLaw
_9120068
650 _aSocial Sciences
_9120069
906 _aacts ; Annual ; mysore ; ordinance ; volume
942 _2ddc
_cBK
999 _c174901
_d174901